Statistics for Genshin Impact Playable Characters

Click here to take the quiz!

General Stats

  • This quiz has been taken 320 times
  • The average score is 26 of 30

Answer Stats

% Correct
Amber
96%
Zhongli
96%
Jean
95%
Kaeya
94%
Lisa
94%
Diluc
93%
Klee
93%
Albedo
92%
Venti
91%
Xiao
90%
Bennett
89%
Chongyun
89%
Razor
88%
Xiangling
88%
Fischl
86%
Keqing
86%
Qiqi
86%
Diona
85%
Mona
85%
Ningguang
85%
Barbara
84%
Ganyu
84%
Xingqiu
84%
Beidou
83%
Noelle
82%
Sucrose
82%
Tartaglia
82%
Xinyan
81%
Aether
71%
Lumine
70%

Score Distribution

Percentile by Number Answered

Percent of People with Each Score

Your Score History

You have not taken this quiz